00486 a2200145 4500010001400000020002300014035001300037037001600050082001200066245009800078260004500176270006900221300002800290500002200318 aENG-89758 a0195690923c695.00 aEN-73291 bDBAD / PUB14a303.4821 aGlobalizsation and development:cedited by Ashwini Deshpandeba handbook of new perspectives/ aNew DelhibOxford University Pressc2008 aYMCA Library Building, Jai Singh RoadbNew DelhicDelhie110001 axvi, 301p.c25 cm ( Hb) aIncludes appendix